Лекции по физике экстремальных состояний вещества: учебное пособие

Detaylı Bibliyografya
Yazar: Фортов В. Е. Владимир Евгеньевич
Müşterek Yazar: Росатом
Özet:В основу книги положены лекции, прочитанные автором в Высшей школе физики, организованной госкорпорацией «Росатом», в Московском физико-техническом институте, а также материалы научных конференций и симпозиумов.В курсе лекций обсуждаются многообразные физические явления и свойства веществ в экстремальных условиях. Рассмотрены способы генерации, диагностики, теоретические методы описания поведения вещества при экстремально высоких давлениях и температурах, а также состояния вещества с высокими плотностями энергии, возникающие на разных этапах эволюции астрофизических объектов под действием гравитации и термоядерного энерговыделения. Книга может быть полезной широкому кругу ученых, аспирантов и ст дентов естественнонаучных специальностей, открывая им доступ к оригинальным работам и позволяя ориентироваться в увлекательных проблемах современной физики экстремальных состояний вещества.
Dil:Rusça
Baskı/Yayın Bilgisi: Москва, Изд-во МЭИ, 2013
Seri Bilgileri:Высшая школа физики Вып. 1
Konular:
Materyal Türü: Kitap
KOHA link:https://koha.lib.tpu.ru/cgi-bin/koha/opac-detail.pl?biblionumber=257058

MARC

LEADER 00000nam0a2200000 4500
001 257058
005 20231101233153.0
010 |a 9785383008751 
035 |a (RuTPU)RU\TPU\book\279825 
090 |a 257058 
100 |a 20140414d2013 m y0rusy50 ca 
101 0 |a rus 
102 |a RU 
105 |a a j 001zy 
200 1 |a Лекции по физике экстремальных состояний вещества  |e учебное пособие  |f В. Е. Фортов  |g Росатом 
210 |a Москва  |c Изд-во МЭИ  |d 2013 
215 |a 235 с.  |c ил. 
225 1 |a Высшая школа физики  |v Вып. 1 
320 |a Библиогр.: с. 229-231. 
330 |a В основу книги положены лекции, прочитанные автором в Высшей школе физики, организованной госкорпорацией «Росатом», в Московском физико-техническом институте, а также материалы научных конференций и симпозиумов.В курсе лекций обсуждаются многообразные физические явления и свойства веществ в экстремальных условиях. Рассмотрены способы генерации, диагностики, теоретические методы описания поведения вещества при экстремально высоких давлениях и температурах, а также состояния вещества с высокими плотностями энергии, возникающие на разных этапах эволюции астрофизических объектов под действием гравитации и термоядерного энерговыделения. Книга может быть полезной широкому кругу ученых, аспирантов и ст дентов естественнонаучных специальностей, открывая им доступ к оригинальным работам и позволяя ориентироваться в увлекательных проблемах современной физики экстремальных состояний вещества. 
606 1 |a Плазма  |x Физика  |2 stltpush  |3 (RuTPU)RU\TPU\subj\48885  |9 67703 
606 1 |a Плазменная астрофизика  |2 stltpush  |3 (RuTPU)RU\TPU\subj\29585  |9 52878 
610 1 |a физика 
610 1 |a экстремальные состояния 
610 1 |a вещества 
610 1 |a высокая плотность 
610 1 |a мощные лазеры 
610 1 |a ускорители заряженных частиц 
610 1 |a лазерное излучение 
610 1 |a релятивистские ионы 
610 1 |a столкновения 
610 1 |a электромагнитная плазма 
610 1 |a термодинамика 
610 1 |a планеты 
610 1 |a экзопланеты 
610 1 |a маломассивные звезды 
610 1 |a сверхэкстремальные состояния 
610 1 |a астрофизические объекты 
610 1 |a высокие давления 
610 1 |a сверхбыстрые процессы 
610 1 |a горячая плазма 
610 1 |a учебные пособия 
675 |a 533.9(075.8)  |v 3 
675 |a 52:53(075.8)  |v 3 
700 1 |a Фортов  |b В. Е.  |g Владимир Евгеньевич 
712 0 2 |a Росатом  |c Государственная корпорация по атомной энергии  |c (2008- )  |2 stltpush  |3 (RuTPU)RU\TPU\col\14349  |9 25907 
801 1 |a RU  |b 63413507  |c 20140414 
801 2 |a RU  |b 63413507  |c 20150514  |g RCR 
942 |c BK 
959 |a 70/20140414  |d 10  |e 550,00  |f ЧЗТЛ:1  |f АНЛ:1  |f УФ:8